00428nam a2200157Ia 45000010006000000050017000060080041000230410008000640820016000721000045000882450084001332600009002173000028002266500008002546540008002622512120260414151128.0260414t2007||||xx |||||||||||||| ||spa|| aESP a346.24bM26 aMartínez de Aguirre Aldaz, CarloseAUT 0aConstitución, derecho al matrimonio y uniones entre personas del mismo sexob c2007 a129 páginas :c20 cm. aDER aCDE